LEADER 01003nam0-2200325---450- 001 990009797570403321 005 20140402130007.0 035 $a000979757 035 $aFED01000979757 035 $a(Aleph)000979757FED01 035 $a000979757 100 $a20131129f1964----km-y0itay50------ba 101 0 $aeng 102 $aGB 105 $aaf------001yy 200 1 $aLiving architecture: Egiptian$ftext by Jean-Louis de Cenival$gphotographs by Henri Stierlin$gpreface by Marcel Breuer 210 $aLondon$cOldbourne$d[1964] 215 $a192 p., 47 c. di tav.$cill.$d21 cm 610 0 $aArchitettura egiziana 676 $a722.2$v22$zita 700 1$aCenival,$bJean-Louis : de$036372 702 1$aBreuer,$bMarcel$f<1902-1981> 702 1$aStierlin,$bHenri$f<1928- > 801 0$aIT$bUNINA$gRICA$2UNIMARC 901 $aBK 912 $a990009797570403321 952 $a722.2 CEN 1$bbibl. 59663$fFLFBC 959 $aFLFBC 996 $aLiving architecture: Egiptian$9837221 997 $aUNINA LEADER 01154oam 2200349Ka 450 001 9910695250303321 005 20060822171912.0 035 $a(CKB)5470000002368237 035 $a(OCoLC)71016478 035 $a(EXLCZ)995470000002368237 100 $a20060822d2006 ua 0 101 0 $aeng 181 $ctxt$2rdacontent 182 $cc$2rdamedia 183 $acr$2rdacarrier 200 04$aThe budget and economic outlook$b[electronic resource] $ean update, total outlays and revenues as a percentage of gross domestic product 210 1$a[Washington, D.C.] :$cCongress of the United States, Congressional Budget Office,$d[2006] 215 $a88 pages $cdigital, PDF file 300 $aTitle from title screen (viewed on Aug. 22, 2006). 300 $a"August 2006." 300 $a"Pub. No. 2822." 517 $aBudget and economic outlook 606 $aBudget$zUnited States 615 0$aBudget 712 02$aUnited States.$bCongressional Budget Office. 801 0$bGPO 801 1$bGPO 801 2$bGPO 906 $aBOOK 912 $a9910695250303321 996 $aThe budget and economic outlook$91908625 997 $aUNINA